Contra Apion: sobre la antigüedad del pueblo judío

Guardat en:
Dades bibliogràfiques
Autor principal: Josefo, Flavio (Autor)
Format: Llibre
Idioma:espanyol
Publicat: Madrid Aguilar 1967
Matèries:
Etiquetes: Afegir etiqueta
Sense etiquetes, Sigues el primer a etiquetar aquest registre!

MARC

LEADER 00000nam a2200000 a 4500
001 UCO5073
003 CL-VaPUC
008 000825e19670000SP |||||||||||||||||spa|d
082 0 4 |a 933  |b JOS  |2 21 
100 |a Josefo, Flavio  |e author  |9 313769 
245 1 0 |a Contra Apion: sobre la antigüedad del pueblo judío 
300 |a 196 p 
942 |c BK 
945 |d 20000825 00:00:00  |a crobeson 
260 |a Madrid  |b Aguilar  |c 1967 
650 7 |a JUDIOS HISTORIA  |2 CL-VaPUC  |9 257429 
650 0 |a Historia antigua  |9 267521 
650 0 |a Civilizaciones antiguas  |9 265998 
583 |a last modification  |c 20000825 00:00:00  |k Rodrigo Vera 
999 |c 291027  |d 291025 
952 |0 0  |1 0  |4 0  |6 933_000000000000000_JOS_1967  |7 0  |8 A  |9 340664  |a BIBART  |b BIBART  |d 2019-11-20  |i 1218646  |o 933 JOS 1967  |p 1218646  |r 2025-03-13  |w 2019-11-20  |y BK  |k ART